zpět

Detail výsledku týmu

U Anděla, Planá nad Lužnicí

Datum a čas kvízu

24 Celkem bodů Celkový počet nahraných bodů na tomto kvízu bez doplňovacích otázek.
1. Pořadí na kvízu Konečné umístění týmu na tomto kvízu.

Zaznamenané odpovědi

# Otázka Odpověď Body Výsledky
1. Český premiér jednal ve středu... 0
2. Ukrajinští vyšetřovatelé zabav... 1
3. Když vznikal seriál Most!, jeh... 0
4. Česká národní banka začala min... 0.5
5. Jak se jmenuje letošní mistryn... 1
6. V tomto tématu Vás čeká pět vý... 0
7. Z níže vypsaných měst leží nej... 0
8. Z níže vypsaných děl vyberte j... 0
9. Které z těchto zvířat je sudo... 0
10. Které z těchto příjmení je v Č... 0